000 00428nam a2200145Ia 4500
008 220216s9999 xx 000 0 und d
100 _aGudkov V A
245 0 _aExperimental and graphical method of determining the rate of tyre tread wear
260 _bInternational Polymer Science and Technology
_c2002
300 _a36-37
650 _aTyre tread wear
700 _aShiryaev S A
700 _aTarnovskii V N
942 _cJS
999 _c59105
_d59105